000
00374nam a22001577a 4500
003
MPLRDC
005
20220104123756.0
008
210129b ||||| |||| 00| 0 eng d
082
_a
177.1 LXZ
100
_a
林宪正编著
245
_a
谈判致胜
_c
260
_a
_b
新风文化事业公司
_c
300
_b
平
650
_a
沟通心理学
942
_c
BK
_o
177.1 LXZ
999
_c
14101
_d
14091